Language Quiz

Random Language or Italian Quiz

Italian-English Name Dictionary Quiz Stats

Quiz Updated Feb 8, 2015

Challenge
Share
Tweet
Embed
Score 0/30 Timer 06:00
7 Plays Today
% Correct
Benedetto
96.9%
Alessandro
96.9%
Natanaele
96.8%
Terenzio
96.7%
Ambra
96.7%
Tommaso
96.6%
Vilfredo
96.5%
Michele
96.3%
Carlotta
96.2%
Ruggero
96.2%
Luca
95.9%
Isotta
95.5%
Cinzia
95.4%
Luigi
93.6%
Elia
93%
% Correct
Giada
91.9%
Andrea
91.8%
Ilaria
91.5%
Ugo
89.7%
Gioia
89.4%
Geltrude
89%
Chiara
88.9%
Enrico
88.9%
Giuseppe
88.6%
Giovanni
88.6%
Orazio
88.4%
Giuditta
87.9%
Ettore
87.6%
Orlando
85.4%
Aroldo
83.7%

You're not logged in!

Compare scores with friends on all Sporcle quizzes.
Join for Free
OR
Log In

You Might Also Like...

Show Comments

Extras

Top Quizzes Today


Score Distribution

Your Account Isn't Verified!

In order to create a playlist on Sporcle, you need to verify the email address you used during registration. Go to your Sporcle Settings to finish the process.

Report this User

Report this user for behavior that violates our Community Guidelines.

Details: